[Event "Sachsen-Anhalt-ch op"]
[Site "Magdeburg"]
[Date "2022.10.31"]
[Round "6"]
[White "Paul, Andre David"]
[Black "Schwarz, Hans"]
[Result "0-1"]
[WhiteElo "1671"]
[BlackElo "1846"]
[PlyCount "104"]
[EventDate "2022.10.29"]
[EventType "swiss"]
[EventRounds "7"]
[EventCountry "GER"]
[SourceTitle "CBM 211 Extra"]
[Source "ChessBase"]
[SourceDate "2023.01.31"]
[SourceVersion "1"]
[SourceVersionDate "2023.01.31"]
[SourceQuality "1"]

1. d4 e6 2. e4 d5 3. exd5 exd5 4. Nf3 Bd6 5. Bd3 Nf6 6. Qe2+ Be7 7. 0-0 0-0 8. c3 Bg4 9. Nbd2 Re8 10. Qd1 Nbd7 11. Qc2 c5 12. Qb1 h6 13. h3 Be6 14. Ne5 c4 15. Bc2 Nxe5 16. dxe5 Nd7 17. f4 Bc5+ 18. Kh2 d4 19. cxd4 Bxd4 20. Nf3 Bc5 21. Be4 Nb6 22. Bxb7 Rb8 23. Bc6 Re7 24. Qc2 Qc7 25. Be4 Bd5 26. a4 Rd8 27. Bd2 Red7 28. Ba5 Qc6 29. Bxd5 Rxd5 30. Rfc1 Be3 31. Rd1 Bxf4+ 32. Kh1 Rxd1+ 33. Rxd1 Rxd1+ 34. Qxd1 Qxa4 35. Qd8+ Kh7 36. Bxb6 axb6 37. Qd4 Qa1+ 38. Ng1 Qc1 39. Qe4+ g6 40. g4 Be3 41. Qg2 Kg7 42. Qg3 Kf8 43. e6 Qxg1+ 44. Qxg1 Bxg1 45. Kxg1 fxe6 46. Kf2 Ke7 47. Ke3 Kd6 48. Kd4 b5 49. Ke4 Kc5 50. Ke5 b4 51. Ke4 b3 52. h4 c3 0-1

[Event "Rottach Egern Seniors Cup 10th"]
[Site "Rottach Egern"]
[Date "2022.03.31"]
[Round "6"]
[White "Schwarz, Hans"]
[Black "Zozin, Walter"]
[Result "1/2-1/2"]
[WhiteElo "1879"]
[BlackElo "1746"]
[PlyCount "30"]
[EventDate "2022.03.26"]
[EventType "swiss"]
[EventRounds "9"]
[EventCountry "GER"]
[SourceTitle "CBM 207 Extra"]
[Source "ChessBase"]
[SourceDate "2022.05.31"]
[SourceVersion "1"]
[SourceVersionDate "2022.05.31"]
[SourceQuality "1"]

1. e4 e5 2. Nf3 Nf6 3. Nc3 d5 4. Nxd5 Nxd5 5. exd5 e4 6. Nd4 Qxd5 7. c3 Be7 8. b3 0-0 9. Bc4 Qg5 10. g3 c6 11. 0-0 b5 12. Be2 Bh3 13. d3 Qc5 14. Re1 Qxc3 15. Be3 Bb4 1/2-1/2

[Event "Rottach Egern Seniors Cup 10th"]
[Site "Rottach Egern"]
[Date "2022.03.28"]
[Round "3"]
[White "Koehler, Gerhard"]
[Black "Schwarz, Hans"]
[Result "1-0"]
[WhiteElo "2208"]
[BlackElo "1879"]
[PlyCount "93"]
[EventDate "2022.03.26"]
[EventType "swiss"]
[EventRounds "9"]
[EventCountry "GER"]
[SourceTitle "CBM 207 Extra"]
[Source "ChessBase"]
[SourceDate "2022.05.31"]
[SourceVersion "1"]
[SourceVersionDate "2022.05.31"]
[SourceQuality "1"]

1. c4 e6 2. Nc3 f5 3. g3 Nf6 4. Bg2 Be7 5. Nf3 0-0 6. d4 d5 7. 0-0 c6 8. Bf4 Ne4 9. Nxe4 fxe4 10. Ne5 Nd7 11. c5 Bf6 12. Nxd7 Bxd7 13. f3 exf3 14. exf3 Bg5 15. Be5 Bf6 16. Re1 Bxe5 17. Rxe5 Rf5 18. Re3 Qc7 19. f4 Raf8 20. Qd2 Qd8 21. Ra3 a6 22. Re1 Bc8 23. Bh3 R5f6 24. Rae3 Qe8 25. Qe2 Qg6 26. Bxe6+ Bxe6 27. Rxe6 Rxe6 28. Qxe6+ Qxe6 29. Rxe6 Kf7 30. Re3 Rb8 31. Rb3 Ke7 32. Kf2 Kd7 33. Kf3 Kc7 34. g4 Rf8 35. f5 Rf7 36. Kf4 Re7 37. Re3 Rf7 38. g5 a5 39. Rh3 g6 40. f6 b5 41. cxb6+ Kd6 42. Ra3 Rb7 43. Rxa5 Rxb6 44. b3 Rb4 45. Ra4 Rb7 46. Ra8 Rb4 47. f7 1-0

[Event "Sachsen-Anhalt Verbandsliga 2017/18"]
[Site "Sachsen Anhalt"]
[Date "2017.12.10"]
[Round "3.6"]
[White "Wildenrath, Dirk"]
[Black "Schwarz, Hans"]
[Result "1/2-1/2"]
[WhiteElo "2221"]
[BlackElo "1855"]
[PlyCount "64"]
[EventDate "2017.12.22"]
[EventType "team-tourn"]
[EventRounds "9"]
[EventCountry "GER"]
[SourceTitle "EXT 2020"]
[Source "ChessBase"]
[SourceDate "2019.10.17"]
[SourceVersion "1"]
[SourceVersionDate "2019.10.17"]
[SourceQuality "1"]
[WhiteTeam "Merseburg"]
[BlackTeam "Magdeburg Rochade II"]
[WhiteTeamCountry "GER"]
[BlackTeamCountry "GER"]

1. c4 e6 2. Nc3 f5 3. d4 Nf6 4. Bf4 Be7 5. d5 d6 6. dxe6 Bxe6 7. Nf3 Nc6 8. e3 Nh5 9. Nd5 Nxf4 10. Nxf4 Bf7 11. Be2 Bf6 12. Qd2 Ne5 13. Rc1 0-0 14. Nd4 Qd7 15. 0-0 Rad8 16. Nd5 Bg6 17. Rfd1 c6 18. Nf4 Bf7 19. Qc2 g6 20. Rd2 Rfe8 21. Rcd1 Qe7 22. h3 Nd7 23. b4 Be5 24. Bf3 Bxd4 25. Rxd4 Ne5 26. Be2 Rd7 27. Nd3 Nxd3 28. R1xd3 d5 29. c5 a6 30. Rc3 Qf6 31. Bd3 Be6 32. f4 Rde7 1/2-1/2

[Event "Hofheim Spring op-A 5th"]
[Site "Hofheim"]
[Date "2017.04.07"]
[Round "1"]
[White "Schwarz, Hans"]
[Black "Krastev, Alexander"]
[Result "0-1"]
[WhiteElo "1914"]
[BlackElo "2134"]
[PlyCount "102"]
[EventDate "2017.04.07"]
[EventType "swiss"]
[EventRounds "9"]
[EventCountry "GER"]
[SourceTitle "CBM 177 Extra"]
[Source "ChessBase"]
[SourceDate "2017.04.27"]
[SourceVersion "1"]
[SourceVersionDate "2017.04.27"]
[SourceQuality "1"]

1. e4 e5 2. Nf3 Nc6 3. Bc4 Nf6 4. Ng5 d5 5. exd5 Na5 6. Bb5+ c6 7. dxc6 bxc6 8. Be2 h6 9. Nh3 Be7 10. 0-0 0-0 11. d3 Rb8 12. Nc3 Bxh3 13. gxh3 Nd5 14. Nxd5 cxd5 15. Kh1 Qc8 16. Rg1 Qxh3 17. Rg3 Qe6 18. Qd2 Nc6 19. Qxh6 Qxh6 20. Bxh6 Bf6 21. Rag1 g6 22. Bxf8 Kxf8 23. b3 d4 24. Bf3 Nb4 25. a4 Rc8 26. Bd1 Nxc2 27. Bxc2 Rxc2 28. Rb1 Rxf2 29. b4 Ra2 30. a5 Be7 31. Rg2 Ra3 32. Rd2 f5 33. Kg2 Kf7 34. Rbb2 Ke6 35. Kf2 Kd5 36. Ra2 Rxa2 37. Rxa2 Bxb4 38. a6 e4 39. Ke2 Kc5 40. h3 Kb5 41. Rb2 Ka4 42. Rb1 Ka3 43. Rg1 Kb3 44. dxe4 fxe4 45. Rg4 d3+ 46. Ke3 Kc2 47. Rg2+ d2 48. Kxe4 Kc1 49. Rg1+ d1Q 50. Rxd1+ Kxd1 51. Ke5 g5 0-1

[Event "Hessen-ch op-A"]
[Site "Floersheim"]
[Date "2016.05.06"]
[Round "4"]
[White "Schmidt, Max"]
[Black "Schwarz, Hans"]
[Result "1-0"]
[WhiteElo "1879"]
[BlackElo "1949"]
[PlyCount "71"]
[EventDate "2016.05.05"]
[EventType "swiss"]
[EventRounds "7"]
[EventCountry "GER"]
[SourceTitle "EXT 2022"]
[Source "ChessBase"]
[SourceDate "2021.10.06"]
[SourceVersion "1"]
[SourceVersionDate "2021.10.06"]
[SourceQuality "1"]

1. e4 e6 2. d3 d5 3. Nd2 c5 4. Ngf3 Nf6 5. g3 Nc6 6. Bg2 Be7 7. 0-0 0-0 8. Re1 Qc7 9. e5 Nd7 10. Qe2 Re8 11. c3 f6 12. d4 cxd4 13. cxd4 fxe5 14. dxe5 Nc5 15. Nf1 Ne4 16. a3 Bc5 17. Be3 Bxe3 18. Nxe3 Nxe5 19. Nxe5 Qxe5 20. Nc4 Qd4 21. Bxe4 dxc4 22. Bxh7+ Kf8 23. Bg6 Rd8 24. Rac1 Qf6 25. Be4 Bd7 26. Rc3 Ke7 27. Qxc4 Qe5 28. Qb4+ Qd6 29. Qxd6+ Kxd6 30. Rd1+ Ke7 31. Bxb7 Rab8 32. Rc7 Ke8 33. b4 g6 34. Rdxd7 Rxd7 35. Bc6 Rbd8 36. Rxa7 1-0

[Event "Bayern-chI Bank Hofmann 19th"]
[Site "Bad Wiessee"]
[Date "2015.10.31"]
[Round "1"]
[White "Schwarz, Hans"]
[Black "Pap, Misa"]
[Result "0-1"]
[WhiteElo "1951"]
[BlackElo "2508"]
[PlyCount "56"]
[EventDate "2015.10.31"]
[EventType "swiss"]
[EventRounds "9"]
[EventCountry "GER"]
[SourceTitle "CBM 169 Extra"]
[Source "ChessBase"]
[SourceDate "2015.12.18"]
[SourceVersion "1"]
[SourceVersionDate "2015.12.18"]
[SourceQuality "1"]

1. e4 c5 2. Nc3 Nc6 3. f4 g6 4. Nf3 Bg7 5. Bb5 Nd4 6. Nxd4 cxd4 7. Ne2 Qb6 8. Bc4 Nf6 9. d3 Nxe4 10. Bxf7+ Kxf7 11. dxe4 d6 12. Qd3 Bd7 13. a4 Rhc8 14. b3 Qa6 15. Ra2 Rc7 16. 0-0 Qxd3 17. cxd3 Rac8 18. f5 gxf5 19. Bg5 h6 20. Bh4 Rc2 21. Rxc2 Rxc2 22. Ng3 Rc3 23. exf5 Rxb3 24. Ne4 Rxd3 25. f6 exf6 26. Nxf6 Bxa4 27. Nh5+ Kg8 28. Ra1 Rd1+ 0-1

[Event "Bayern-chI Bank Hofmann 17th"]
[Site "Bad Wiessee"]
[Date "2013.10.26"]
[Round "1"]
[White "Schwarz, Hans"]
[Black "Tan, Justin Hy"]
[Result "0-1"]
[WhiteElo "1967"]
[BlackElo "2239"]
[PlyCount "55"]
[EventDate "2013.10.26"]
[EventType "swiss"]
[EventRounds "9"]
[EventCountry "GER"]
[SourceTitle "EXT 2014"]
[Source "ChessBase"]
[SourceDate "2013.11.20"]
[SourceVersion "1"]
[SourceVersionDate "2013.11.20"]
[SourceQuality "1"]

1. e4 e6 2. d4 d5 3. Nc3 Bb4 4. e5 Ne7 5. a3 Bxc3+ 6. bxc3 b6 7. Bd3 Ba6 8. Ne2 c5 9. Ng3 Bxd3 10. Qxd3 Nbc6 11. 0-0 0-0 12. Nh5 Nf5 13. g3 Rc8 14. Bd2 cxd4 15. cxd4 Nfxd4 16. f4 Qe8 17. g4 f5 18. Be3 fxg4 19. Nxg7 Kxg7 20. Bxd4 Nxd4 21. Qxd4 Rc4 22. Qd2 Qg6 23. f5 Rxf5 24. Rxf5 Qxf5 25. Re1 Rxc2 26. Qe3 g3 27. hxg3 Qh5 28. Qh6+ 0-1

[Event "Nuremberg Zabo op 14th"]
[Site "Nuremberg"]
[Date "2012.09.15"]
[Round "3"]
[White "Schwarz, Hans"]
[Black "Heimrath, Reiner"]
[Result "0-1"]
[WhiteElo "1894"]
[BlackElo "2177"]
[PlyCount "118"]
[EventDate "2012.09.14"]
[EventType "swiss"]
[EventRounds "5"]
[EventCountry "GER"]
[SourceTitle "EXT 2018"]
[Source "ChessBase"]
[SourceDate "2017.10.13"]
[SourceVersion "1"]
[SourceVersionDate "2017.10.13"]
[SourceQuality "1"]

1. e4 g6 2. d4 Bg7 3. Nc3 d6 4. f4 a6 5. Nf3 e6 6. Be2 b5 7. a3 Bb7 8. 0-0 Ne7 9. Be3 Nd7 10. Qe1 Nf6 11. Bd3 Ng4 12. Bd2 c5 13. Qh4 cxd4 14. Qxg4 dxc3 15. Bxc3 Bxc3 16. bxc3 d5 17. e5 Bc6 18. Qh4 Nf5 19. Qxd8+ Rxd8 20. Bxf5 gxf5 21. Nd4 Bd7 22. Rf3 Rc8 23. Rg3 Ke7 24. Kf2 Rc4 25. Rb1 Rhc8 26. Rb3 Kf8 27. Ke2 Ra4 28. Kd2 Rcc4 29. Kc1 Rc8 30. h4 Rac4 31. Kb2 Ra8 32. Kc1 Rcc8 33. Kd2 Ke7 34. Ke1 Rg8 35. Rxg8 Rxg8 36. Kf2 Rc8 37. g3 Rc4 38. Ke2 Kf8 39. Kd2 Ra4 40. Ke2 Kg7 41. Kf1 Kg6 42. Nf3 h6 43. Nd4 Kh5 44. Nf3 Rc4 45. Nd2 Rc7 46. Nf3 a5 47. Nd4 a4 48. Rb2 Rxc3 49. Ra2 Kg4 50. Ne2 Rf3+ 51. Kg2 d4 52. Ra1 Bc6 53. Kg1 Bd5 54. Nxd4 Rxg3+ 55. Kf2 Bc4 56. Rg1 Rxg1 57. Kxg1 Kxf4 58. Nc6 Kg3 59. c3 f4 0-1

[Event "Dresden ZMDI Blitz"]
[Site "Dresden"]
[Date "2011.08.13"]
[Round "8"]
[White "Schwarz, Hans"]
[Black "Jacob, Tobias"]
[Result "1-0"]
[WhiteElo "1904"]
[BlackElo "1950"]
[PlyCount "63"]
[EventDate "2011.08.06"]
[EventType "swiss (blitz)"]
[EventRounds "9"]
[EventCountry "GER"]
[SourceTitle "EXT 2022"]
[Source "ChessBase"]
[SourceDate "2021.10.06"]
[SourceVersion "1"]
[SourceVersionDate "2021.10.06"]
[SourceQuality "1"]

1. e4 c5 2. Nf3 d6 3. d4 cxd4 4. Nxd4 Nf6 5. Nc3 a6 6. Bd3 e6 7. 0-0 Be7 8. Kh1 Nc6 9. Nxc6 bxc6 10. f4 e5 11. f5 d5 12. Qe1 Qd6 13. Qg3 Rg8 14. b3 Bd7 15. a4 d4 16. Ba3 c5 17. Nd5 Nxd5 18. exd5 0-0-0 19. Qe1 Kb7 20. b4 Qc7 21. bxc5 Bxc5 22. Qe2 Rge8 23. Bxa6+ Ka7 24. Rfb1 Bc8 25. Bb5 Re7 26. Bc6 Bxa3 27. Rxa3 Ba6 28. Qd2 Rb8 29. Rxb8 Qxb8 30. Rb3 Qd6 31. Qa5 d3 32. Qb6# 1-0

[Event "Dresden ZMDI Blitz"]
[Site "Dresden"]
[Date "2011.08.10"]
[Round "5"]
[White "Bisse, Vilorij"]
[Black "Schwarz, Hans"]
[Result "1/2-1/2"]
[WhiteElo "1972"]
[BlackElo "1904"]
[PlyCount "134"]
[EventDate "2011.08.06"]
[EventType "swiss (blitz)"]
[EventRounds "9"]
[EventCountry "GER"]
[SourceTitle "EXT 2022"]
[Source "ChessBase"]
[SourceDate "2021.10.06"]
[SourceVersion "1"]
[SourceVersionDate "2021.10.06"]
[SourceQuality "1"]

1. e4 e5 2. Nf3 Nc6 3. Bc4 Nf6 4. Nc3 Nxe4 5. Nxe4 d5 6. Bd3 dxe4 7. Bxe4 Bd6 8. c3 0-0 9. Bd5 Bg4 10. d3 Qd7 11. Be3 Ne7 12. Bb3 Nf5 13. Qd2 Bxf3 14. gxf3 Nh4 15. 0-0-0 c6 16. Qe2 Rfe8 17. Rdg1 g6 18. Bg5 Nf5 19. h4 h5 20. Qf1 Be7 21. Qg2 Kh7 22. Bc2 Ng7 23. Be3 Nf5 24. Bg5 Bxg5+ 25. Qxg5 Qe7 26. f4 exf4 27. Qxf4 Rad8 28. d4 Qd6 29. Qg5 Ng7 30. f4 Qe6 31. f5 Nxf5 32. Bxf5 Qxf5 33. Qxf5 gxf5 34. Rg5 f6 35. Rxf5 Kg6 36. Rhf1 Re1+ 37. Kd2 Rxf1 38. Rxf1 c5 39. Kd3 b6 40. a4 cxd4 41. cxd4 Rd5 42. Ke4 Ra5 43. b3 f5+ 44. Kd3 b5 45. axb5 Rxb5 46. Kc4 Rb7 47. Rg1+ Kf6 48. d5 a5 49. Ra1 Rb4+ 50. Kc5 Rxb3 51. Rxa5 Rc3+ 52. Kd4 Rh3 53. Ra6+ Ke7 54. Ke5 Rxh4 55. Ra7+ Ke8 56. Kxf5 Rh1 57. Rh7 h4 58. Ke6 Re1+ 59. Kd6 Re4 60. Rh8+ Kf7 61. Kd7 Ra4 62. d6 Ra7+ 63. Kc6 Ra6+ 64. Kc7 Ra7+ 65. Kb8 Rd7 66. Rh7+ Ke6 67. Rh6+ Kd5 1/2-1/2

[Event "Bayern-chI Bank Hofmann 14th"]
[Site "Bad Wiessee"]
[Date "2010.10.30"]
[Round "1"]
[White "Schwarz, Hans"]
[Black "Kunin, Vitaly L"]
[Result "0-1"]
[WhiteElo "2007"]
[BlackElo "2538"]
[PlyCount "78"]
[EventDate "2010.10.30"]
[EventType "swiss"]
[EventRounds "9"]
[EventCountry "GER"]
[SourceTitle "EXT 2011"]
[Source "ChessBase"]
[SourceDate "2010.11.26"]
[SourceVersion "1"]
[SourceVersionDate "2010.11.26"]
[SourceQuality "1"]

1. e4 c5 2. Nc3 Nc6 3. f4 g6 4. Nf3 Bg7 5. Bb5 Nd4 6. Nxd4 cxd4 7. Ne2 e6 8. 0-0 Ne7 9. Ba4 0-0 10. d3 f5 11. Ng3 b6 12. Qe1 Bb7 13. Bb3 Rc8 14. Bd2 a5 15. Qe2 Kh8 16. Rae1 b5 17. a4 bxa4 18. Bxa4 Qb6 19. Rb1 Bc6 20. Bxc6 Rxc6 21. Qe1 Ra8 22. exf5 Nxf5 23. Nxf5 gxf5 24. Rc1 Qxb2 25. Bxa5 Rxc2 26. Rxc2 Qxc2 27. Qb4 Qxd3 28. Qe7 Qe3+ 29. Kh1 Qd3 30. Kg1 Qb5 31. Bd8 h6 32. h3 Qb8 33. Qe8+ Kh7 34. Qxd7 Qxd8 35. Qxe6 Qf6 36. Qd5 Rd8 37. Qf3 d3 38. g4 d2 39. g5 Qd4+ 0-1

[Event "Dresden ZMD op"]
[Site "Dresden"]
[Date "2010.07.17"]
[Round "8"]
[White "Schwarz, Hans"]
[Black "Hansch, Stephan"]
[Result "1/2-1/2"]
[WhiteElo "2007"]
[BlackElo "1833"]
[PlyCount "36"]
[EventDate "2010.07.10"]
[EventType "swiss"]
[EventRounds "9"]
[EventCountry "GER"]
[SourceTitle "CBM 137 Extra"]
[Source "ChessBase"]
[SourceDate "2010.09.01"]
[SourceVersion "1"]
[SourceVersionDate "2010.09.01"]
[SourceQuality "1"]

1. f4 d5 2. Nf3 Nf6 3. e3 e6 4. d4 Be7 5. Bd3 b6 6. 0-0 0-0 7. c3 c5 8. Nbd2 Bb7 9. Qe2 Ne4 10. Ne5 f6 11. Ng4 f5 12. Ne5 Nd7 13. Ndf3 Ndf6 14. Bd2 c4 15. Bc2 b5 16. a3 a5 17. Ng5 Nxg5 18. fxg5 Nd7 1/2-1/2